000 00551nam a2200217Ia 4500
003 OSt
005 20250808182810.0
008 210423s1999 xx 000 0 und d
020 _a978-0-19-828928-9
040 _cAL
041 _aEnglish
082 _a320.011
_bSENI
100 _aAmartya Sen
_996662
245 _aInequality reexamined
260 _aNew Delhi
_bOxford University Press
_c1999
300 _axiv,207
_bPB
365 _b330
_cINR
650 _aPolitical Science
_996663
906 _aInequality ; reexamined
942 _2ddc
_cBK
999 _c170741
_d170741